| 000 | 00717nam a2200229 4500 | ||
|---|---|---|---|
| 003 | OSt | ||
| 005 | 20240610052650.0 | ||
| 006 | a | ||
| 008 | 240610b |||||||| |||| 00| 0 eng d | ||
| 020 | _a12850835711 | ||
| 040 |
_aDWCL-Main lib. _cOC |
||
| 082 |
_2thirteenth edition _aCirc. 808.53 F854a 2014 |
||
| 100 | _aFreeley, Austin J. | ||
| 245 | _aArgumentation and debate : critical thinking for reasoned decision making / | ||
| 250 | _athirteenth edition | ||
| 260 |
_aUSA : _bWadsworth/Cengage Learning, _cc2014. |
||
| 300 |
_axi, _b531 p. ; _c23 cm. |
||
| 504 | _aIncludes appendix. | ||
| 650 | _a1. Debates and debating. | ||
| 700 | _aAustin J. Freeley | ||
| 942 |
_2ddc _n0 _cBK-CIRC _ethirteenth edition _kCirc. |
||
| 999 |
_c455 _d455 |
||